000 00616nam a2200193 i 4500
001 72385
003 ES-MaACL
005 20230906171426.0
007 t|
008 040831s1964 sp ||||1| spa d
100 1 _aGirard, H.
_957217
245 1 0 _aTécnicas de Microbiología agrícola /
_cH. Girard, R. Rougieux ; prólogo, M. Lemoigne ; traducida por Horacio Marco Moll.
260 _aZaragoza :
_bAcribia,
_c[1964]
300 _a267 p. :
_bil. ;
_c22 cm.
700 1 _aRougieux, R.
_9100020
700 1 _aLemoigne, M.
_971480
700 1 _aMarco Moll, Horacio.
_976486
852 _aES-MaACL
_jC-26284
_bR.55307
999 _c72385
_d72385